00493nam a22001817a 45000010005000000030009000050050017000140070005000310080034000360200015000700400022000851000023001072450059001302600036001893000024002254900031002498300031002800170DO-SdBNP20160314140750.00170151005b 200 2001 xxu 00| 0 spa d a043921727X aBPMSUbspacBPMSU1 aWilliams, Laura E.14aThe mystery of the bad luck curse /cLaura E. Williams aNew York :bScholastic, c2001. a113 p :bil.c20cm.1 aMystic lighhouse mysteries 0aMystic lighhouse mysteries